Avenger's Quotes - Statistics

General Stats
  • This quiz has been taken 84 times
  • The average score is 8 of 15
Answer Stats
Quote Person who said it % Correct
"I can do this all day." Captain America
96%
"Puny God." Hulk
90%
Doth mother know you weareth her drapes?" Ironman
73%
"Lets do, Get help" Thor
73%
"Make a move, Reindeer games" Ironman
63%
"Does anybody have any orange slices?" Antman
58%
"Reality is often disappointing" Thanos
55%
"Kick names, take a*s" Mantis
51%
"We're just like Kevin Bacon" Starlord
51%
"The real question is, what are those!" Shuri
44%
"There are no strings on me" Ultron
44%
"Its like a pirate had a baby with an angel" Drax
41%
"Nothing lasts forever" Black Widow
38%
Baskin-Robins always finds out" Luis
15%
"The WiFi password, we're not savages." Barron
4%
No matching quizzes found
Score Distribution
Percent of People with Each Score
Percentile by Number Answered
Your Score History
You have not taken this quiz